000 00790nam a2200229Ia 4500
999 _c45377
_d45377
001 12201
003 GE_BSU
005 20221118111120.0
008 181216s2013en xx |||||||||||||| ||eng||
020 _a9780135104248 x
040 _cGE_BSU
041 _aeng
080 _a616.097 R-52
100 _aRittenhoue-Olson,kate.
_915911
245 _aContemporary Clinical Immunology and Serology /
_ckate Rittenhoue-Olson, Nardin, de Ernesto.
264 _aBoston :
_bPearson,
_c2013.
300 _a440 p.:
_bill.
_c28 cm.
653 _aContemporary Clinical Immunology and Serology.
653 _aთანამედროვე კლინიკური იმუნოლოგია და სეროლოგია.
700 _a Ernesto Nardin, de
_915912
942 _cBK
_2udc